00314nam a2200121Ia 4500008004100000040001700041041001200058082001700070100001800087245004200105260003400147300001100181230917s9999||||xx |||||||||||||| ||und|| e134565aMAIN aEnglish a301.045 A67M aAron, Raymond 0aMain currents in sociological thought aNew YorkbPenguin Booksc1965 a270 p.